000 00365nam a2200157Ia 4500
008 230312s9999||||xx |||||||||||||| ||und||
020 _a0-07-452830-0
082 _a617.1027
_bCRO-S
100 _aCross;Mervyn
245 0 _aSporting Body
260 _bMcGraw Hill
_aUSA
_c1991
300 _a184
546 _aEng.
650 _aMedical
_vSporting Body
942 _cBK
999 _c7341
_d7341